Your pregnancy and childbirth: month to month. / (Record no. 8989)
[ view plain ]
| 000 -LEADER | |
|---|---|
| fixed length control field | 01366nam a22002297a 4500 |
| 003 - CONTROL NUMBER IDENTIFIER | |
| control field | OSt |
| 005 - DATE AND TIME OF LATEST TRANSACTION | |
| control field | 20220601152744.0 |
| 008 - FIXED-LENGTH DATA ELEMENTS--GENERAL INFORMATION | |
| fixed length control field | 180809b xxu||||| |||| 00| 0 eng d |
| 020 ## - INTERNATIONAL STANDARD BOOK NUMBER | |
| International Standard Book Number | 9781934946893 |
| 040 ## - CATALOGING SOURCE | |
| Transcribing agency | WIUC |
| 050 ## - LIBRARY OF CONGRESS CALL NUMBER | |
| Classification number | RG525.A26 |
| 245 ## - TITLE STATEMENT | |
| Title | Your pregnancy and childbirth: month to month. / |
| Statement of responsibility, etc. | Edited by Bonnie J. Dattel |
| 250 ## - EDITION STATEMENT | |
| Edition statement | 5th ed. |
| 260 ## - PUBLICATION, DISTRIBUTION, ETC. | |
| Place of publication, distribution, etc. | Washingto, DC : |
| Name of publisher, distributor, etc. | American College of Obstetrcians and Gynecologists., |
| Date of publication, distribution, etc. | 2010. |
| 300 ## - PHYSICAL DESCRIPTION | |
| Extent | xiv, 467 p. : |
| Other physical details | ill ; |
| 500 ## - GENERAL NOTE | |
| General note | Includes index. |
| 505 ## - FORMATTED CONTENTS NOTE | |
| Formatted contents note | Contents: Months 1 and 2 (Weeks 1-8) -- Month 3 (Weeks 9-12) -- Month 4 (Weeks 13-16) -- Month 5 (Weeks 17-20) -- Month 6 (Weeks 21-24) -- Month 7 (Weeks 25-28) -- Month 8 (Weeks 33-36) -- Term (Weeks 37-40) -- Labor and delivery -- Operative delivery, cesarean delivery, and breech presentation -- The postpartum period -- Nutrition -- feeding your baby -- Having another baby: what to expect -- Multiples: when its twins, triplets, or more -- Hypertension -- Diabetes Mellitus -- Other chronic conditions -- Early pregnancy problems -- Birth defects -- Preterm labor -- Blood type incompatibility -- Placental problems -- Infection -- Growth problems -- Testing to monitor fetal health -- Stillbirth |
| 653 ## - INDEX TERM--UNCONTROLLED | |
| Uncontrolled term | Women's health physicians |
| 653 ## - INDEX TERM--UNCONTROLLED | |
| Uncontrolled term | Your pregnancy & birth |
| 700 ## - ADDED ENTRY--PERSONAL NAME | |
| Fuller form of name | Dattel, Bonnie J. |
| 942 ## - ADDED ENTRY ELEMENTS (KOHA) | |
| Source of classification or shelving scheme | Library of Congress Classification |
| Koha item type | Books |
| Withdrawn status | Lost status | Source of classification or shelving scheme | Damaged status | Not for loan | Home library | Current library | Shelving location | Date acquired | Full call number | Barcode | Date last seen | Copy number | Price effective from | Koha item type | Total Checkouts |
|---|---|---|---|---|---|---|---|---|---|---|---|---|---|---|---|
| Library of Congress Classification | WISCONSIN INTERNATIONAL UNIVERSITY COLLEGE, GHANA KUMASI LIBRARY | WISCONSIN INTERNATIONAL UNIVERSITY COLLEGE, GHANA KUMASI LIBRARY | nursing | 19/07/2019 | RG525.A26(5e) | KSN/620/620/19 | 01/06/2022 | 1 | 01/06/2022 | Books | |||||
| Library of Congress Classification | WISCONSIN INTERNATIONAL UNIVERSITY COLLEGE, GHANA KUMASI LIBRARY | WISCONSIN INTERNATIONAL UNIVERSITY COLLEGE, GHANA KUMASI LIBRARY | nursing | 26/11/2019 | RG525.A261(5e) | KSN/696/696/19 | 01/06/2022 | 2 | 01/06/2022 | Books |
